zpět

Detail výsledku týmu

Pivovarský Dvůr ST, Liberec

Datum a čas kvízu

31.5 Celkem bodů Celkový počet nahraných bodů na tomto kvízu bez doplňovacích otázek.
5. Pořadí na kvízu Konečné umístění týmu na tomto kvízu.

Zaznamenané odpovědi

# Otázka Odpověď Body Výsledky
1. Která postava má svou sněhovou... Krakonoš 1
2. Minulý týden jsme se dozvěděli... C 1
3. 78 dní byla na vrcholu žebříčk... Stranger Things 1
4. Minulý týden byla na technolog... lízátko (Lollipop Star) 1
5. Minulý týden skončilo juniorsk... Vojtěch Čihař 0
6. Frank Lloyd Wright bývá označo... Guggenheimovo muzeum 0
7. Seřaďte uvedené události od té... 1A 2B 3D 4C 0
8. Jak si říká tento americký zpě... Lenny Kravitz; New York City 0
9. Turisté v NYC míří nejen do di... 1A 2B 3D 4C 1
10. Jak se jmenuje fiktivní město,... Gotham (City); Bronx 1